Kulturdenkmale der Reformation im deutschen Südwesten
| Authors: | ; ; ; ; ; ; ; |
|---|---|
| Corporate Author: | |
| Format: | Print Book |
| Language: | German |
| Subito Delivery Service: | Order now. |
| Check availability: | HBZ Gateway |
| WorldCat: | WorldCat |
| Interlibrary Loan: | Interlibrary Loan for the Fachinformationsdienste (Specialized Information Services in Germany) |
| Published: |
Esslingen
Landesamt für Denkmalpflege im Regierungspräsidium Stuttgart
[2017]
|
| In: | Year: 2017 |
| Volumes / Articles: | Show volumes/articles. |
| Standardized Subjects / Keyword chains: | B
Reformation
/ Germany
/ Baden-Württemberg
/ Cultural monument
|
| Further subjects: | B
Collection of essays
B Reformation and art Germany B Baden-Württemberg (Germany) History |
| Online Access: |
Table of Contents |
| Sammlungen: |
MARC
| LEADER | 00000cam a2200000 c 4500 | ||
|---|---|---|---|
| 001 | 1000493083 | ||
| 003 | DE-627 | ||
| 005 | 20241215020302.0 | ||
| 007 | tu | ||
| 008 | 171016s2017 gw ||||| 00| ||ger c | ||
| 035 | |a (DE-627)1000493083 | ||
| 035 | |a (DE-599)GBV1000493083 | ||
| 035 | |a (OCoLC)1013872070 | ||
| 035 | |a (OCoLC)1411373151 | ||
| 040 | |a DE-627 |b ger |c DE-627 |e rda | ||
| 041 | |a ger | ||
| 044 | |c XA-DE-BW | ||
| 084 | |a 1 |2 ssgn | ||
| 084 | |a KUNST |q DE-16 |2 fid | ||
| 084 | |a 15.55 |2 bkl | ||
| 084 | |a 21.71 |2 bkl | ||
| 084 | |a 56.88 |2 bkl | ||
| 245 | 0 | 0 | |a Kulturdenkmale der Reformation im deutschen Südwesten |c Herausgeber Landesamt für Denkmalpflege im Regierungspräsidium Stuttgart ; zusammengestellt von Grit Koltermann und Jörg Widmaier mit Beiträgen von Reinhard Lambert Auer, Andreas Dubslaff, Gotthard Kießling, Grit Koltermann, Birgit Kulessa, Dominik Gerd Sieber, Birgit Tuchen und Jörg Widmaier |
| 264 | 1 | |a Esslingen |b Landesamt für Denkmalpflege im Regierungspräsidium Stuttgart |c [2017] | |
| 264 | 4 | |c © 2017 | |
| 300 | |a 182 Seiten |b Illustrationen |c 30 cm | ||
| 336 | |a Text |b txt |2 rdacontent | ||
| 337 | |a ohne Hilfsmittel zu benutzen |b n |2 rdamedia | ||
| 338 | |a Band |b nc |2 rdacarrier | ||
| 500 | |a Literaturverzeichnis: Seite 174-181 | ||
| 601 | |a Deutsche | ||
| 650 | 4 | |a Baden-Württemberg (Germany) |x History | |
| 650 | 4 | |a Reformation and art |x Germany | |
| 655 | 7 | |a Aufsatzsammlung |0 (DE-588)4143413-4 |0 (DE-627)105605727 |0 (DE-576)209726091 |2 gnd-content | |
| 689 | 0 | 0 | |d s |0 (DE-588)4048946-2 |0 (DE-627)104364165 |0 (DE-576)209079851 |2 gnd |a Reformation |
| 689 | 0 | 1 | |d g |0 (DE-588)4078053-3 |0 (DE-627)104729074 |0 (DE-576)209207248 |2 gnd |a Südwestdeutschland |
| 689 | 0 | 2 | |d g |0 (DE-588)4004176-1 |0 (DE-627)106387154 |0 (DE-576)208854444 |2 gnd |a Baden-Württemberg |
| 689 | 0 | 3 | |d s |0 (DE-588)4165967-3 |0 (DE-627)105436240 |0 (DE-576)209899026 |2 gnd |a Kulturdenkmal |
| 689 | 0 | |5 (DE-627) | |
| 700 | 1 | |e ZusammenstellendeR |e VerfasserIn |0 (DE-588)1119825431 |0 (DE-627)872908852 |0 (DE-576)480009112 |4 com |4 aut |a Koltermann, Grit | |
| 700 | 1 | |e ZusammenstellendeR |e VerfasserIn |0 (DE-588)111887398X |0 (DE-627)872345122 |0 (DE-576)338450386 |4 com |4 aut |a Widmaier, Jörg | |
| 700 | 1 | |e VerfasserIn |0 (DE-588)115301305 |0 (DE-627)523946902 |0 (DE-576)168007185 |4 aut |a Auer, Reinhard Lambert |d 1954- | |
| 700 | 1 | |e VerfasserIn |0 (DE-588)1132160383 |0 (DE-627)887452809 |0 (DE-576)488667569 |4 aut |a Dubslaff, Andreas |d 1971- | |
| 700 | 1 | |8 1\p |e VerfasserIn |0 (DE-588)1147723524 |0 (DE-627)1006746110 |0 (DE-576)174299265 |4 aut |a Kießling, Gotthard | |
| 700 | 1 | |e VerfasserIn |0 (DE-588)188403426 |0 (DE-627)699331188 |0 (DE-576)135274532 |4 aut |a Kulessa, Birgit |d 1969- | |
| 700 | 1 | |e VerfasserIn |0 (DE-588)1139661035 |0 (DE-627)897379454 |0 (DE-576)493368914 |4 aut |a Sieber, Dominik Gerd | |
| 700 | 1 | |8 2\p |e VerfasserIn |0 (DE-588)1142139050 |0 (DE-627)1001189949 |0 (DE-576)172690463 |4 aut |a Tuchen, Birgit | |
| 710 | 2 | |e Herausgebendes Organ |0 (DE-588)10103656-5 |0 (DE-627)487036948 |0 (DE-576)200305700 |4 isb |a Regierungsbezirk Stuttgart |b Landesamt für Denkmalpflege | |
| 856 | 4 | 2 | |u http://bvbr.bib-bvb.de:8991/F?func=service&doc_library=BVB01&local_base=BVB01&doc_number=030023978&sequence=000001&line_number=0001&func_code=DB_RECORDS&service_type=MEDIA |z Inhaltsverzeichnis |7 1 |
| 883 | |8 1\p |a cgwrk |d 20241001 |q DE-101 |u https://d-nb.info/provenance/plan#cgwrk | ||
| 883 | |8 2\p |a cgwrk |d 20241001 |q DE-101 |u https://d-nb.info/provenance/plan#cgwrk | ||
| 889 | |w (DE-627)1829429906 | ||
| 935 | |a FBGO |a mteo | ||
| 936 | b | k | |a 15.55 |j Baden-Württemberg |x Geschichte |0 (DE-627)181571617 |
| 936 | b | k | |a 21.71 |j Geschichte öffentlicher Bauten |0 (DE-627)106421263 |
| 936 | b | k | |a 56.88 |j Sakralbau |x Architektur |0 (DE-627)106421204 |
| 951 | |a BO | ||
| ACO | |a 1 | ||
| ELC | |b 1 | ||
| LOK | |0 000 xxxxxcx a22 zn 4500 | ||
| LOK | |0 001 4582558046 | ||
| LOK | |0 003 DE-627 | ||
| LOK | |0 004 1000493083 | ||
| LOK | |0 005 20250127142613 | ||
| LOK | |0 008 240923||||||||||||||||ger||||||| | ||
| LOK | |0 040 |a DE-Tue135 |c DE-627 |d DE-Tue135 | ||
| LOK | |0 092 |o n | ||
| LOK | |0 852 |a DE-Tue135 | ||
| LOK | |0 852 1 |9 00 | ||
| LOK | |0 866 |x SPQUE#Forschungsbibliothek Gotha#SPSAM#Bestand Theologie (bis 2024-03) | ||
| LOK | |0 935 |a FBGO |a goth | ||
| LOK | |0 939 |a 23-09-24 |b l01 | ||
| ORI | |a SA-MARC-ixtheoa001.raw | ||
| SPR | |a 1 |t IXT | ||
| STA | 0 | 0 | |a Baden-Württemberg,Cultural monument,Historic sites,Germany,Southwestern Germany,Reformation,Reformation,Reformation in art |
| STB | 0 | 0 | |a Bade-Württemberg,Monument culturel,Sites historiques,Réforme protestante,Réforme protestante |
| STC | 0 | 0 | |a Monumento cultural,Reforma,Reforma |
| STD | 0 | 0 | |a Monumento culturale,Riforma protestante,Riforma protestante |
| STE | 0 | 0 | |a 宗教改革,宗教改革,文物,文化古迹 |
| STF | 0 | 0 | |a 宗教改革,宗教改革,文物,文化古跡 |
| STG | 0 | 0 | |a Monumento cultural,Reforma,Reforma |
| STH | 0 | 0 | |a Памятник культуры,Реформация (мотив),Реформация |
| STI | 0 | 0 | |a Πολιτιστικό μνημείο,Προτεσταντική μεταρρύθμιση (μοτίβο),Προτεσταντική μεταρρύθμιση |
| SYG | 0 | 0 | |a Réforme (histoire religieuse),Reformation , Deutschland,Südwest,Süddeutschland,West , Südweststaat,Bade-Wurtemberg,Baden-Vjurttemberg,Baden-Wirtemberg,Baden-Wuerttemberg,BW,Land Baden-Württemberg , Denkmal,Kulturstätte,Kulturdenkmäler |
| TIM | |a 100019520101_100020261231 |b 1952 - 2026 | ||